000 00633nam a2200241Ia 4500
008 180523s9999 xx 000 0 und d
020 _a0-470-81304-0
050 _aMAIN G 156.5
050 _b.E26W43 2008 c.3
100 _aWeaver, David.
245 0 _aEcotourism /
245 0 _cDavid Weaver.
250 _a2nd Edition
260 _aAustralia :
260 _bJohn Wiley & Sons,
260 _c2008
300 _a348 pages :
300 _bcolored illustrations ;
300 _c24 cm.
440 _aWiley Australia tourism series
500 _aIncludes bibliographical references and index.
650 _aEcotourism.
999 _c356669
_d356669